000 00679cam a22002053a 4500
001 39881
003 PGUSA
005 20140828083904.0
008 120602s2012||||xxu|||||s|||||000 | eng d
040 _aPGUSA
_beng
042 _adc
100 1 _aRalph, Julian,
_d1853-1903
245 1 0 _aWar's Brighter Side :
_bThe Story of The Friend Newspaper Edited by the Correspondents with Lord Roberts's Forces, March-April, 1900
_h[electronic resource] /
_cJulian Ralph
260 _bProject Gutenberg,
_c2012
506 _aPublic domain in the USA.
516 _aElectronic text
830 0 _aProject Gutenberg
_v39881
856 4 0 _uhttp://www.gutenberg.org/ebooks/39881
942 _cEB
999 _c269134
_d269134